| 000 | 00976nam a2200349Ia 4500 | ||
|---|---|---|---|
| 003 | OSt | ||
| 005 | 20220912144634.0 | ||
| 006 | a|||||r|||| 00| 0 | ||
| 007 | ta | ||
| 008 | 220909b |||||||| |||| 00| 0 eng d | ||
| 020 | _a9780415706926 (pbk) | ||
| 020 | _aSL01599138 | ||
| 024 | _a194491 | ||
| 037 | _b1450, 12/10/2015, The Book Seller | ||
| 037 | _cTextual | ||
| 040 |
_aCSL _beng _cCSL |
||
| 041 | _aeng | ||
| 082 | _aY:(Z,1), N6;Q4 TY | ||
| 100 | _aJenkins Richard | ||
| 245 | 0 | _aSocial identity | |
| 250 | _a4 | ||
| 260 |
_aNew York _bRoutledge _c2014 |
||
| 300 | _axii, 251p. ill. | ||
| 500 | _aBibliography 217-242p.; Index 243-251p. | ||
| 650 | _a Embodied selves | ||
| 650 | _a Selfhood and mind | ||
| 650 | _aIdentity matters | ||
| 700 | _a orrison Keith | ||
| 700 | _aJenkins Richard | ||
| 942 |
_hY:(Z,1), N6;Q4 TY _cTEXL _2CC |
||
| 999 |
_c14366 _d14366 |
||